[Event "AUTO-OPEN-4626"]
[Site "http://www.queenalice.com/game.php?id=1866089"]
[Date "2025.11.24"]
[Round "1"]
[White "EdsonEstevam"]
[Black "ALDROB"]
[Result "0-1"]
[WhiteElo "1689"]
[BlackElo "1745"]

1. e4 e5 2. Nf3 Nc6 3. d4 exd4 4. Nxd4 Nxd4 5. Qxd4 Nf6 6. Bg5 Be7 7. e5 Ng8 8.
f4 f6 9. Bh4 Nh6 10. h3 Nf5 11. Qf2 O-O 12. Bc4+ Kh8 13. g4 Nh6 14. Qe3 b6 15.
Nc3 Bb7 16. Rh2 Bc5 17. Qe4 Bxe4 18. Nxe4 fxe5 19. Bxd8 Raxd8 20. f5 d5 21. Nxc5
bxc5 22. Bb5 d4 23. Rd1 e4 24. Bc4 e3 25. a3 c6 26. Rh1 Nf7 27. Bxf7 Rxf7 28. a4
c4 29. Ke2 Rfd7 30. Rhf1 a5 31. Rf4 c5 32. Re4 Kg8 33. h4 Kf7 34. Kf3 h6 35. g5
hxg5 36. hxg5 Rd5 37. g6+ Kf6 38. Kf4 Rxf5+ 39. Kg4 Rf2 40. Rc1 e2 41. Re1 d3
0-1

[Event "AUTO-OPEN-4626"]
[Site "http://www.queenalice.com/game.php?id=1866090"]
[Date "2025.11.24"]
[Round "1"]
[White "ALDROB"]
[Black "EdsonEstevam"]
[Result "0-1"]
[WhiteElo "1764"]
[BlackElo "1727"]

1. d4 d5 2. c4 e6 3. Nc3 Nf6 4. Bg5 Be7 5. Nf3 Ne4 6. Bxe7 Qxe7 7. Nxe4 dxe4 8.
Nd2 f5 9. e3 Nc6 10. a3 O-O 11. Be2 Qg5 12. O-O e5 13. f3 f4 14. Nxe4 Qg6 15. d5
Bh3 16. Rf2 fxe3 17. Kh1 Nd4 18. gxh3 exf2 19. Nxf2 Rad8 20. Bd3 Qh6 21. Ng4
Qxh3 22. Nxe5 Rde8 23. Bf1 Qh4 0-1

[Event "AUTO-OPEN-4626"]
[Site "http://www.queenalice.com/game.php?id=1866119"]
[Date "2025.11.24"]
[Round "1"]
[White "cerenzo72"]
[Black "ALDROB"]
[Result "1-0"]
[WhiteElo "2161"]
[BlackElo "1793"]

1. c4 Nf6 2. Nc3 g6 3. e4 Bg7 4. d4 O-O 5. Nf3 c6 6. Be2 d6 7. O-O Bg4 8. Bg5 h6
9. Bh4 g5 10. Bg3 Nh5 11. h4 Nd7 12. hxg5 Nxg3 13. fxg3 e5 14. dxe5 Nxe5 15.
gxh6 Bxh6 16. Nxe5 Bxe2 17. Qxe2 dxe5 18. Rf5 Qd4+ 19. Kf1 Kh7 20. Rh5 Rad8 21.
g4 Rg8 22. Rd1 Qb6 23. Rxd8 Rxd8 24. g5 1-0

[Event "AUTO-OPEN-4626"]
[Site "http://www.queenalice.com/game.php?id=1866120"]
[Date "2025.11.24"]
[Round "1"]
[White "ALDROB"]
[Black "cerenzo72"]
[Result "0-1"]
[WhiteElo "1747"]
[BlackElo "2145"]

1. d4 Nf6 2. c4 d6 3. Nc3 g6 4. e4 Bg7 5. f3 c6 6. Be3 a6 7. a4 Nbd7 8. Bd3 O-O
9. Nge2 e5 10. O-O Qe7 11. Qd2 exd4 12. Nxd4 Ne5 13. Bc2 Nxc4 14. Qe2 d5 15. Bc1
dxe4 16. Qxc4 exf3 17. gxf3 Bh3 18. Rd1 Rad8 19. Nce2 c5 20. Nb3 b6 21. Bf4 Nh5
22. Rxd8 Rxd8 23. Qxa6 Nxf4 24. Kf2 Qc7 25. a5 Nxe2 26. Kxe2 Qxh2+ 27. Ke3 Re8+
28. Be4 Qxb2 29. Qb5 Qc3+ 30. Qd3 f5 31. Qxc3 Bxc3 32. Ra4 bxa5 33. Nxc5 fxe4
34. fxe4 Bg2 35. Rc4 Bb4 0-1

[Event "AUTO-OPEN-4640"]
[Site "http://www.queenalice.com/game.php?id=1869621"]
[Date "2026.2.22"]
[Round "1"]
[White "josebaron"]
[Black "ALDROB"]
[Result "1-0"]
[WhiteElo "2169"]
[BlackElo "1757"]

1. e4 e5 2. Nf3 Nc6 3. Bc4 Nf6 4. Nc3 Nxe4 5. Bxf7+ Kxf7 6. Nxe4 Be7 7. d3 Re8
8. O-O Kg8 9. Bg5 Bxg5 10. Nfxg5 h6 11. Qh5 Qe7 12. Qg6 hxg5 13. Nxg5 Nd4 14.
Qh7+ 1-0

[Event "AUTO-OPEN-4640"]
[Site "http://www.queenalice.com/game.php?id=1869622"]
[Date "2026.2.22"]
[Round "1"]
[White "ALDROB"]
[Black "josebaron"]
[Result "0-1"]
[WhiteElo "1749"]
[BlackElo "2183"]

1. d4 d5 2. c4 dxc4 3. Nf3 Nf6 4. Nc3 e6 5. Bg5 Be7 6. e3 O-O 7. Bxc4 h6 8. Bh4
Nd5 9. Bxe7 Nxe7 10. O-O Nd5 11. Nxd5 exd5 12. Bb3 Bg4 13. h3 Bh5 14. Qe2 c6 15.
Rac1 Nd7 16. g4 Bg6 17. Kh2 Nf6 18. Rg1 Qd6+ 19. Kh1 Be4 20. Rg3 Nh7 21. Rcg1
Ng5 22. Kh2 Nxf3+ 0-1

[Event "AUTO-ADV-4924"]
[Site "http://www.queenalice.com/game.php?id=1870442"]
[Date "2026.3.13"]
[Round "1"]
[White "Jsc"]
[Black "ALDROB"]
[Result "1-0"]
[WhiteElo "1975"]
[BlackElo "1824"]

1. e4 e5 2. Nf3 Nc6 3. d4 exd4 4. Nxd4 Bc5 5. c3 Qf6 6. Be3 Nge7 7. Be2 O-O 8.
O-O d6 9. Qd3 Ne5 10. Qc2 Qg6 11. Kh1 Bg4 12. f3 Bd7 13. Nd2 a6 14. h3 Qg3 15.
Bg1 N7g6 16. Bh2 Qg5 17. f4 Nxf4 18. Bxf4 Qg6 19. N2f3 Rae8 20. Rae1 f5 21. Nh4
Qf7 22. b3 h6 23. Nhxf5 Bxf5 24. Nxf5 Kh7 25. Bxe5 Rxe5 26. Nxd6 Qe7 27. Nxb7
Rxf1+ 28. Rxf1 Rxe4 29. Nxc5 1-0

[Event "AUTO-ADV-4924"]
[Site "http://www.queenalice.com/game.php?id=1870443"]
[Date "2026.3.13"]
[Round "1"]
[White "ALDROB"]
[Black "Jsc"]
[Result "1-0"]
[WhiteElo "1800"]
[BlackElo "1998"]

1. d4 d5 2. c4 dxc4 3. Nf3 a6 4. Nc3 b5 5. e4 Bg4 6. a4 b4 7. Nd5 e6 8. Nf4 Bxf3
9. gxf3 a5 10. Bxc4 g6 11. Qb3 Qxd4 12. Be3 Qg7 13. Bxe6 fxe6 14. Nxe6 Qf7 15.
Rd1 Nc6 16. Ke2 Nd8 17. Nc5 Bxc5 18. Qxf7+ Nxf7 19. Bxc5 Ne7 20. Rd2 Ra6 21.
Rhd1 Nc8 22. Bd4 O-O 23. f4 Nfd6 24. Be5 Nc4 25. Rd7 Nxe5 26. fxe5 c5 27. Rc7
Ra8 28. Rdd7 Re8 29. Rxh7 1-0

[Event "AUTO-ADV-4924"]
[Site "http://www.queenalice.com/game.php?id=1870456"]
[Date "2026.3.13"]
[Round "1"]
[White "ALDROB"]
[Black "mvson33"]
[Result "1-0"]
[WhiteElo "1809"]
[BlackElo "1846"]

1. e4 c5 2. Nf3 Nc6 3. Bb5 d6 4. O-O Bd7 5. c3 g6 6. Na3 Bg7 7. Nc2 Nf6 8. d3
O-O 9. Re1 Rc8 10. d4 cxd4 11. cxd4 Qb6 12. a4 a6 13. Bd3 Rfd8 14. h3 Nb4 15.
Nxb4 Qxb4 16. Qd2 Qxd2 17. Bxd2 Ne8 18. e5 dxe5 19. d5 Nc7 20. Bc4 Na8 21. Rac1
Nb6 22. Bb3 Rxc1 23. Rxc1 Bc8 24. Ba5 Rd6 25. Bxb6 Rxb6 26. Rxc8+ Bf8 27. Bc4
Rxb2 28. Nxe5 1-0

[Event "AUTO-ADV-4924"]
[Site "http://www.queenalice.com/game.php?id=1870457"]
[Date "2026.3.13"]
[Round "1"]
[White "mvson33"]
[Black "ALDROB"]
[Result "0-1"]
[WhiteElo "1867"]
[BlackElo "1790"]

1. e4 e5 2. Nf3 Nc6 3. Bb5 a6 4. Ba4 Nf6 5. Nc3 b5 6. Bb3 Be7 7. O-O b4 8. Na4
O-O 9. d3 Bb7 10. Be3 Ng4 11. a3 Nxe3 12. fxe3 Kh8 13. axb4 Nxb4 14. Nxe5 Bf6
15. Nf3 d5 16. exd5 Nxd5 17. Re1 Re8 18. e4 Nf4 19. Nc5 Bc8 20. Bxf7 Rf8 21. Bb3
Bxb2 22. Rb1 Qf6 23. Na4 Ba3 24. Ra1 Bd6 25. Rf1 Qg6 26. Nc3 Qxg2# 0-1

[Event "AUTO-ADV-4924"]
[Site "http://www.queenalice.com/game.php?id=1870458"]
[Date "2026.3.13"]
[Round "1"]
[White "ALDROB"]
[Black "SGF"]
[Result "1/2-1/2"]
[WhiteElo "1826"]
[BlackElo "1658"]

1. d4 e6 2. e4 d5 3. Nc3 Bb4 4. Bd3 Nf6 5. Bg5 h6 6. Bh4 dxe4 7. Bxf6 Qxf6 8.
Bxe4 Nc6 9. Nf3 g5 10. h3 O-O 11. Qd2 a5 12. O-O-O a4 13. h4 g4 14. Ne5 Nxe5 15.
dxe5 Qg7 16. Qd4 c5 17. Qd6 Ra6 18. Qd3 Qxe5 19. Bh7+ Kh8 20. Rde1 Qf4+ 21. Kb1
Bxc3 22. bxc3 Qxf2 23. Ref1 Qxg2 24. Be4 Rb6+ 25. Ka1 Rd6 26. Bxg2 Rxd3 27. cxd3
f5 28. Kb2 b5 29. Bc6 f4 30. Bxb5 f3 31. Bxa4 e5 32. Bc2 g3 33. Rhg1 g2 34. Rf2
Bh3 35. Bd1 c4 36. Kc2 cxd3+ 37. Kxd3 Rf4 38. Bxf3 e4+ 39. Bxe4 Rxf2 40. Ke3 Rf1
41. Rxg2 Bxg2 42. Bxg2 Re1+ 43. Kd2 Ra1 44. Bd5 Kg7 45. Kc2 Rf1 46. c4 h5 47.
Kd3 Rf4 48. a4 Rxh4 49. a5 Rh3+ 50. Kd4 Ra3 51. c5 Rxa5 52. c6 Ra7 53. Kc5 Kf8
54. Kb6 Rg7 55. c7 Rxc7 56. Kxc7 Kg7 57. Kd6 Kg6 58. Ke5 Kg5 59. Kd4 Kf4 60. Kd3
Kg3 61. Ke2 h4 62. Kf1 Kh2 63. Kf2 h3 64. Bf3 1/2-1/2

[Event "AUTO-ADV-4924"]
[Site "http://www.queenalice.com/game.php?id=1870459"]
[Date "2026.3.13"]
[Round "1"]
[White "SGF"]
[Black "ALDROB"]
[Result "0-1"]
[WhiteElo "1741"]
[BlackElo "1777"]

1. e4 e5 2. Qf3 Nc6 3. c3 Nf6 4. d3 Be7 5. Be2 O-O 6. Qg3 d6 7. Bh6 Ne8 8. h4
Kh8 9. Bg5 f6 10. Be3 f5 11. h5 f4 12. Qh2 fxe3 13. fxe3 Bg5 14. Nf3 Bxe3 15.
Nbd2 Be6 16. a3 Nf6 17. Nc4 Bxc4 18. dxc4 Nxe4 19. Bd3 Nf2 20. Rf1 Nxd3+ 21. Ke2
Bf4 22. Qh4 Qxh4 23. Kxd3 Qxh5 24. Rh1 Qf5+ 25. Ke2 Qc2+ 26. Kf1 Qxb2 27. Re1
Qxc3 28. Rh4 Qxc4+ 29. Re2 Qf7 30. Kf2 Rad8 31. g4 Nd4 32. Nxd4 exd4 33. Rh3
Be3+ 34. Ke1 Rde8 35. Kd1 Qf1+ 36. Kc2 Qc1+ 37. Kd3 Qc3# 0-1

[Event "AUTO-OPEN-4645"]
[Site "http://www.queenalice.com/game.php?id=1871120"]
[Date "2026.3.28"]
[Round "1"]
[White "peonaislado"]
[Black "ALDROB"]
[Result "1-0"]
[WhiteElo "1745"]
[BlackElo "1819"]

1. d4 Nf6 2. c4 g6 3. Nf3 Bg7 4. Nc3 O-O 5. e3 d6 6. Bd3 Nc6 7. O-O Re8 8. Qd2
e5 9. dxe5 Nxe5 10. Be2 Bg4 11. h3 Bd7 12. b3 Bc6 13. Bb2 Nh5 14. Nd5 a5 15.
Rfe1 a4 16. b4 a3 17. Bd4 Nxf3+ 18. Bxf3 Qg5 19. Bxh5 Bxd4 20. Qxd4 Bxd5 21.
Qxd5 Qxh5 22. Qxb7 c5 23. b5 Rab8 24. Qa6 Qe5 25. Qxa3 Ra8 26. Qd3 Ra7 27. f4
Qxe3+ 28. Rxe3 1-0

[Event "AUTO-OPEN-4645"]
[Site "http://www.queenalice.com/game.php?id=1871121"]
[Date "2026.3.28"]
[Round "1"]
[White "ALDROB"]
[Black "peonaislado"]
[Result "1-0"]
[WhiteElo "1805"]
[BlackElo "1759"]

1. d4 d5 2. c4 c5 3. Nf3 Nf6 4. Nc3 Nc6 5. Bg5 Bg4 6. Qb3 b6 7. O-O-O h6 8. Bh4
e6 9. Ne5 Nxe5 10. dxe5 g5 11. Bg3 Nh5 12. cxd5 exd5 13. Rxd5 Qe7 14. f3 Be6 15.
e4 Nxg3 16. hxg3 Bxd5 17. Bb5+ Kd8 18. Rd1 Qxe5 19. Rxd5+ Qxd5 20. Nxd5 Bg7 21.
Qd3 Bd4 22. Ne3 a6 23. Bc4 f6 24. Bxa6 Kc7 25. Nd5+ Kc6 26. Qb5+ Kd6 27. Bb7 1-0

[Event "AUTO-OPEN-4645"]
[Site "http://www.queenalice.com/game.php?id=1871144"]
[Date "2026.3.28"]
[Round "1"]
[White "ALDROB"]
[Black "ricardoguevara"]
[Result "1-0"]
[WhiteElo "1816"]
[BlackElo "1349"]

1. e4 e5 2. Nf3 Nc6 3. Bb5 Nf6 4. O-O d5 5. d3 Bd7 6. Bg5 Be7 7. Nc3 O-O 8. exd5
Nxd5 9. Bxe7 Qxe7 10. Nxd5 Qc5 11. Nxc7 Rac8 12. d4 Rxc7 13. dxc5 a6 14. Ba4 b5
15. Bb3 Bg4 16. Qd6 Rcc8 17. Bxf7+ Rxf7 18. Nxe5 Nxe5 19. Qxe5 g6 20. f3 Bd7 21.
Rad1 Re8 22. Qc3 1-0

[Event "AUTO-OPEN-4645"]
[Site "http://www.queenalice.com/game.php?id=1871145"]
[Date "2026.3.28"]
[Round "1"]
[White "ricardoguevara"]
[Black "ALDROB"]
[Result "0-1"]
[WhiteElo "1351"]
[BlackElo "1814"]

1. e4 e5 2. Nf3 Nc6 3. Bc4 Nf6 4. Ng5 d5 5. d3 dxc4 6. dxc4 Qxd1+ 7. Kxd1 h6 8.
Nf3 Bg4 9. Nc3 O-O-O+ 10. Bd2 Bb4 11. Re1 Nd4 12. h3 Bxf3+ 13. gxf3 Nxf3 14. Re3
Rxd2+ 15. Kc1 Rxf2 16. Nd1 Rf1 17. Rxf3 Rxf3 18. a3 Bd6 19. Kb1 Nxe4 20. a4 Rxh3
21. Ra3 Rh1 0-1

[Event "AUTO-OPEN-4645"]
[Site "http://www.queenalice.com/game.php?id=1871146"]
[Date "2026.3.28"]
[Round "1"]
[White "ALDROB"]
[Black "game"]
[Result "1-0"]
[WhiteElo "1819"]
[BlackElo "1653"]

1. d4 c6 2. e4 d5 3. Nd2 Nf6 4. e5 Ng4 5. h3 Nh6 6. Nb3 e6 7. Bxh6 gxh6 8. Nf3
b5 9. Be2 a5 10. O-O f5 11. Qd3 Ba6 12. Qd2 h5 13. Nxa5 b4 14. Nb3 h6 15. g3 h4
16. Nxh4 Bb7 17. Bh5+ Kd7 18. Nc5+ Kc7 19. Nxe6+ 1-0

[Event "AUTO-OPEN-4645"]
[Site "http://www.queenalice.com/game.php?id=1871147"]
[Date "2026.3.28"]
[Round "1"]
[White "game"]
[Black "ALDROB"]
[Result "1-0"]
[WhiteElo "1657"]
[BlackElo "1828"]

1. e4 e5 2. Nf3 Nc6 3. Bc4 Nf6 4. Ng5 d5 5. exd5 Na5 6. d3 Nxc4 7. dxc4 h6 8.
Nh3 Bxh3 9. gxh3 Bc5 10. Be3 Bd6 11. Nc3 a6 12. Qf3 O-O 13. O-O-O Re8 14. Rdg1
e4 15. Qg2 Nh5 16. Nxe4 Kh8 17. Qg4 g6 18. Bxh6 Kh7 19. Bg5 Qb8 20. Nf6+ Nxf6
21. Bxf6 1-0